000 00290nam a22001337a 4500
008 170522b xxu||||| |||| 00| 0 eng d
020 _a9780072818536
041 _aeng
080 _25TH
_a94
100 _a16
101 _aSHH
245 _aAFTER THE FACT
_cDAVIDSON,J.M
942 _2udc
_cBK
999 _c13705
_d13705